| 000 | 01269nam0a22003011 4500 | ||
|---|---|---|---|
| 001 | rc\4684837 | ||
| 005 | 20130416205758.2 | ||
| 021 |
_aRU _b[69-6050] |
||
| 035 | _a(NLR Aleph) 008710128 | ||
| 090 |
_a9352951 _c9352951 |
||
| 100 | _a20130416d1968 |||y0rusy50 ca | ||
| 101 | 0 | _arus | |
| 102 | _aRU | ||
| 105 | _aa z ||||| | ||
| 200 | 1 |
_aПособие по акушерству для практических врачей _fПод ред. засл. деят. науки БССР проф. И.М. Старовойтова |
|
| 210 |
_aМинск _cБеларусь _d1968 |
||
| 215 |
_a382 с. _cил. _d22 |
||
| 300 | _aНа 4-й с. сост.: действ. чл. АМН СССР проф. А.П. Николаев, чл.-кор. АМН СССР проф. Н.С. Бакшеев, засл. деят. науки проф. И.И. Яковлев и др. | ||
| 606 |
_aАкушерство _2psbo |
||
| 702 | 1 |
_aБакшеев _bН. С. _4220 |
|
| 702 | 1 |
_aЯковлев _bИ. И. _4220 |
|
| 702 | 1 |
_aНиколаев _bА. П. _gАнатолий Петрович _4220 |
|
| 702 | 1 |
_aСтаровойтов _bИ. М. _gИван Матвеевич _4340 |
|
| 801 | 0 |
_aRU _bNLR _gpsbo |
|
| 801 | 1 |
_aRU _bELAR _2rusmarc |
|
| 852 |
_aNLR _j69-5/1212 |
||
| 942 | _cBOOK | ||
| 980 | _aNB | ||